000 00855nam a2200277 a 4500
008
020 _a0030237645 (cased)
049 _aMAIN
090 _aQC21.2
100 1 _aWilson, Jerry D.
245 1 0 _aPhysics :
_ba practical and conceptual approach /
_cJerry D. Wilson.
250 _a2nd ed.
260 _aPhiladelphia :
_bSaunders College,
_c1989.
300 _axxiv, 583 p., [16 ] p. of plates :
_bill. (some col.) ;
_c26 cm.
440 _aSaunders golden sunburst series.
500 _aRev. ed. of: Practical physics. c1985.
500 _aIncludes index.
650 0 _aPhysics.
650 0 _aTechnology.
700 1 _aWilson, Jerry D.
_tPractical physics.
907 _a.b10119851
_b24-01-07
_c29-04-04
003
005 20230123133749.0
040 _cNUST
942 _cBOOKS
_kQC21.2
999 _c154218
_d154218